Casebook on campus planning and institutional development, (Record no. 34375)

MARC details
000 -LEADER
fixed length control field 01221cam a22002891 4500
001 - CONTROL NUMBER
control field hew62000121
003 - CONTROL NUMBER IDENTIFIER
control field DLC
005 - DATE AND TIME OF LATEST TRANSACTION
control field 20260227111511.0
008 - FIXED-LENGTH DATA ELEMENTS--GENERAL INFORMATION
fixed length control field 910819s1962 dcuae 000 0 eng
010 ## - LIBRARY OF CONGRESS CONTROL NUMBER
LC control number hew62000121
035 ## - SYSTEM CONTROL NUMBER
System control number (OCoLC)25429943
040 ## - CATALOGING SOURCE
Original cataloging agency DLC
Transcribing agency CaSRU
Modifying agency OCoLC
-- DLC
042 ## - AUTHENTICATION CODE
Authentication code premarc
043 ## - GEOGRAPHIC AREA CODE
Geographic area code n-us---
050 00 - LIBRARY OF CONGRESS CALL NUMBER
Classification number L111
Item number .A72 no. 667
051 ## - LIBRARY OF CONGRESS COPY, ISSUE, OFFPRINT STATEMENT
Classification number LB2321
Item number .R67
100 1# - MAIN ENTRY--PERSONAL NAME
Personal name Rork, John Biehl,
Dates associated with a name 1905-
Relator term comp.
245 10 - TITLE STATEMENT
Title Casebook on campus planning and institutional development,
260 ## - PUBLICATION, DISTRIBUTION, ETC.
Place of publication, distribution, etc. [Washington]
Name of publisher, distributor, etc. U.S. Dept. of Health, Education, and Welfare, Office of Education;
Date of publication, distribution, etc. 1962]
300 ## - PHYSICAL DESCRIPTION
Extent vi, 162 p.
Other physical details illus., plans.
Dimensions 27 cm.
501 ## - WITH NOTE
With note L111.A72 no. 667 with: Progress in the construction of higher education facilities / W. Robert Bokelman and Leslie F. Robbins. Washington : U.S. Dept. of Health, Education, and Welfare, Office of Education, 1962. Bound together subsequent to publication.
Institution to which field applies DLC
650 #0 - SUBJECT ADDED ENTRY--TOPICAL TERM
Topical term or geographic name entry element Universities and colleges
Geographic subdivision United States
650 #0 - SUBJECT ADDED ENTRY--TOPICAL TERM
Topical term or geographic name entry element Campus planning
700 1# - ADDED ENTRY--PERSONAL NAME
Personal name Robbins, Leslie Frank,
Dates associated with a name 1898-
Relator term joint comp.
740 0# - ADDED ENTRY--UNCONTROLLED RELATED/ANALYTICAL TITLE
Uncontrolled related/analytical title Campus planning and institutional development.
810 1# - SERIES ADDED ENTRY--CORPORATE NAME
Corporate name or jurisdiction name as entry element Mexico.
Title of a work Office of Education Circular ;
Volume/sequential designation no. 667.

No items available.

Powered by Koha